000 01348nam a2200337Ia 4500
001 ebr10602108
003 CaPaEBR
006 m u
007 cr cn|||||||||
008 120306s2012 enk sb 001 0 eng d
010 _z 2012009758
020 _z9781118399347
020 _z9781405162159 (pbk. : alk. paper)
040 _aCaPaEBR
_cCaPaEBR
035 _a(OCoLC)811060416
050 1 4 _aRC683.8
_b.C37 2012eb
082 0 4 _a616.100724
_223
245 0 0 _aCardiovascular clinical trials
_h[electronic resource] :
_bputting the evidence into practice /
_cedited by Marcus Flather, Deepak L. Bhatt, Tobias Geisler.
260 _aChichester, West Sussex :
_bWiley-Blackwell,
_c2012.
300 _axx, 390 p.
504 _aIncludes bibliographical references and index.
533 _aElectronic reproduction.
_bPalo Alto, Calif. :
_cebrary,
_d2011.
_nAvailable via World Wide Web.
_nAccess may be limited to ebrary affiliated libraries.
650 0 _aCardiovascular system
_xDiseases
_xTreatment.
650 0 _aCardiology, Experimental.
655 7 _aElectronic books.
_2local
700 1 _aFlather, M.
700 1 _aBhatt, Deepak L.
700 1 _aGeisler, Tobias.
710 2 _aebrary, Inc.
856 4 0 _uhttp://site.ebrary.com/lib/rucke/Doc?id=10602108
_zAn electronic book accessible through the World Wide Web; click to view
999 _c98890
_d98890